000 00406nam a2200169Ia 4500
008 230524s9999 xx 000 0 und d
020 _a8174090665
082 _a621.382
_bSAR
100 _aN.Sarkar
245 0 _aElements of Digital Signal Processing
250 _a2ND
260 _aNEW DELHI
_bKhanna
_c2001
300 _a775
500 _aQuantity Number: 3
650 _aElectronics
942 _cBK
999 _c10248
_d10248